[Event "RSA-ch U12 Girls"]
[Site "Gauteng"]
[Date "2017.04.08"]
[Round "6"]
[White "Du Plessis, Marete"]
[Black "Stuurman, Aliche"]
[Result "0-1"]
[WhiteElo "883"]
[BlackElo "1063"]
[PlyCount "84"]
[EventDate "2017.04.05"]
[EventType "swiss"]
[EventRounds "11"]
[EventCountry "RSA"]
[SourceTitle "CBM 177 Extra"]
[Source "ChessBase"]
[SourceDate "2017.04.27"]
[SourceVersion "1"]
[SourceVersionDate "2017.04.27"]
[SourceQuality "1"]

1. e4 e6 2. d4 f5 3. Bf4 fxe4 4. Nc3 Nf6 5. Bg5 d5 6. f3 exf3 7. Nxf3 Be7 8. Bd3 0-0 9. 0-0 b6 10. Qe1 h6 11. Bh4 Qe8 12. Ne4 dxe4 13. Bxe4 Nxe4 14. Bxe7 Qxe7 15. Qxe4 c6 16. Ne5 Rf6 17. c4 Bb7 18. Rad1 Nd7 19. Rxf6 Nxf6 20. Qg6 Qe8 21. Qxe8+ Rxe8 22. b4 a5 23. Rb1 axb4 24. Rxb4 Rd8 25. Rxb6 Ba8 26. Nxc6 Bxc6 27. Rxc6 Re8 28. a4 e5 29. dxe5 Rxe5 30. c5 Ne4 31. Rc8+ Kf7 32. c6 Rc5 33. g3 Ke6 34. c7 Nd6 35. Ra8 Rxc7 36. a5 Nb5 37. a6 Kd6 38. Kf2 Kc6 39. Ke3 Rd7 40. Kf4 Nc7 41. Ra7 Nd5+ 42. Kf5 Rxa7 0-1

[Event "RSA-ch U12 Girls"]
[Site "Gauteng"]
[Date "2017.04.08"]
[Round "7"]
[White "Weideman, Kayleigh"]
[Black "Du Plessis, Marete"]
[Result "0-1"]
[WhiteElo "977"]
[BlackElo "883"]
[PlyCount "62"]
[EventDate "2017.04.05"]
[EventType "swiss"]
[EventRounds "11"]
[EventCountry "RSA"]
[SourceTitle "CBM 177 Extra"]
[Source "ChessBase"]
[SourceDate "2017.04.27"]
[SourceVersion "1"]
[SourceVersionDate "2017.04.27"]
[SourceQuality "1"]

1. d4 c5 2. e3 cxd4 3. exd4 Nf6 4. Bd3 d6 5. f4 Nc6 6. c3 e5 7. fxe5 dxe5 8. dxe5 Nxe5 9. Bb5+ Bd7 10. Bxd7+ Qxd7 11. Qxd7+ Nexd7 12. Nf3 Bc5 13. Ke2 0-0 14. Re1 Rfe8+ 15. Kf1 Rxe1+ 16. Nxe1 Nd5 17. Nd3 Ne3+ 18. Bxe3 Bxe3 19. Na3 Re8 20. Re1 Nf6 21. Nb5 a6 22. Nd6 Rd8 23. Nxb7 Rxd3 24. Ke2 Rd7 25. Na5 Bf4 26. Rh1 Rd2+ 27. Kf3 Bg5 28. Nc4 Rd5 29. g4 Rc5 30. Rd1 g6 31. Na3 Kg7 0-1

[Event "RSA-ch U12 Girls"]
[Site "Bloemfontein"]
[Date "2016.03.24"]
[Round "9"]
[White "Louw, Danial"]
[Black "Du Plessis, Marete"]
[Result "1-0"]
[WhiteElo "929"]
[BlackElo "944"]
[PlyCount "59"]
[EventDate "2016.03.20"]
[EventType "swiss"]
[EventRounds "11"]
[EventCountry "RSA"]
[SourceTitle "CBM 171 Extra"]
[Source "ChessBase"]
[SourceDate "2016.04.26"]
[SourceVersion "1"]
[SourceVersionDate "2016.04.26"]
[SourceQuality "1"]

1. e4 e5 2. Nf3 Nc6 3. d4 exd4 4. Bc4 Bc5 5. c3 dxc3 6. Nxc3 Nf6 7. e5 Ng4 8. 0-0 Ngxe5 9. Re1 d6 10. Bb3 0-0 11. Bf4 Bg4 12. Qd5 Nxf3+ 13. gxf3 Bh3 14. Qh5 Bd7 15. Ne4 h6 16. Nxc5 dxc5 17. Rad1 Rc8 18. Kh1 Qf6 19. Bc1 Rcd8 20. Rg1 Qf5 21. Qxh6 Qh7 22. Rxg7+ Qxg7 23. Rg1 Qxg1+ 24. Kxg1 Bf5 25. Qg5+ Bg6 26. Qxg6+ Kh8 27. Qf6+ Kh7 28. Bc2+ Kg8 29. Bh6 Rd6 30. Qg7# 1-0

[Event "RSA-chT U12"]
[Site "Cape Town"]
[Date "2016.01.06"]
[Round "6.7"]
[White "Du Plessis, Marete"]
[Black "Evetts, Cameron"]
[Result "1-0"]
[WhiteElo "891"]
[BlackElo "1068"]
[PlyCount "42"]
[EventDate "2016.01.04"]
[EventType "team-tourn"]
[EventRounds "7"]
[EventCountry "RSA"]
[SourceTitle "CBM 170 Extra"]
[Source "ChessBase"]
[SourceDate "2016.02.25"]
[SourceVersion "1"]
[SourceVersionDate "2016.02.25"]
[SourceQuality "1"]
[WhiteTeam "Ekurhuleni"]
[BlackTeam "Ethekwini"]
[WhiteTeamCountry "RSA"]
[BlackTeamCountry "RSA"]

1. e4 e5 2. Nf3 Nc6 3. Nc3 Bc5 4. Bc4 h6 5. b3 d6 6. Bb2 Nf6 7. Qe2 0-0 8. 0-0-0 Bg4 9. h3 Bh5 10. g4 Nxg4 11. hxg4 Bxg4 12. Rdg1 Qd7 13. Nd5 Kh7 14. Ne3 Bd4 15. Nxg4 f5 16. exf5 Qxf5 17. Bd3 Bxb2+ 18. Kxb2 Nd4 19. Nxd4 exd4 20. Bxf5+ Rxf5 21. Qe4 Raf8 1-0

[Event "RSA-ch U10 Girls"]
[Site "Waterkloof"]
[Date "2015.04.08"]
[Round "8"]
[White "Du Plessis, Marete"]
[Black "Prinsloo, Thiana"]
[Result "0-1"]
[WhiteElo "942"]
[BlackElo "926"]
[PlyCount "60"]
[EventDate "2015.04.04"]
[EventType "swiss"]
[EventRounds "9"]
[EventCountry "RSA"]
[SourceTitle "CBM 166 Extra"]
[Source "ChessBase"]
[SourceDate "2015.06.18"]
[SourceVersion "1"]
[SourceVersionDate "2015.06.18"]
[SourceQuality "1"]

1. e4 c5 2. Nf3 Nc6 3. Bc4 g6 4. Nc3 Bg7 5. 0-0 e6 6. d3 Nge7 7. Bf4 0-0 8. Bd6 b6 9. Re1 Re8 10. e5 Nf5 11. h3 Nxd6 12. exd6 Bxc3 13. bxc3 Qf6 14. Qd2 e5 15. Qh6 Qxd6 16. d4 cxd4 17. cxd4 Nxd4 18. Red1 Qc6 19. Ng5 Qf6 20. Qxh7+ Kf8 21. Bxf7 Bb7 22. Qg8+ Ke7 23. Qxe8+ Rxe8 24. Bxe8 Kxe8 25. h4 Qh8 26. c3 Qxh4 27. cxd4 Qxg5 28. g3 Qh5 29. Kf1 Ba6+ 30. Ke1 Qe2# 0-1